000 00821nam a2200277Ia 4500
003 OSt
005 20221006160039.0
006 a|||||r|||| 00| 0
007 ta
008 221006b |||||||| |||| 00| 0 eng d
020 _a9788991913615
024 _a44,142
037 _bGift, Korean Embassy (Window of Korea)
_cTextual
040 _aEASL
_cEASL
_beng
041 _2eng
_aeng
082 _aNW495wN42, P9
100 _aYu Yang-geun
_9671652
245 0 _aLee doo-yong
260 _aSeoul
_bSeoul Selection Korea
_c2009
300 _a200p.
_ccm.
490 _v KEL
_aKorean Films Directors
650 _aKEL
700 _a Mouat Colin Tr.
_9671653
942 _hNW495wN42, P9
_cTEXL
_2CC
999 _c1112234
_d1112234